Sports Quiz

Random Sports or Soccer Quiz

Premier League: Most represented nations Quiz Stats

 Plays Quiz not verified by Sporcle

Challenge
Share
Tweet
Embed
Score 0/20 Timer 04:00
0 Plays Today
Pos. Nation % Correct
1England
100%
2Scotland
99.1%
3France
99.1%
4Republic of Ireland
99.1%
11Argentina
98.2%
7Spain
97.3%
6Wales
96.4%
10Brazil
96.4%
15Portugal
96.4%
9Italy
95.5%
Pos. Nation % Correct
18United States of America
95.5%
17Germany
94.5%
5Netherlands
92.7%
13Sweden
91.8%
19Belgium
90%
8Northern Ireland
89.1%
12Norway
89.1%
14Denmark
87.3%
16Australia
79.1%
20Jamaica
33.6%

You're not logged in!

Compare scores with friends on all Sporcle quizzes.
Join for Free
OR
Log In

You Might Also Like...

Show Comments

Extras

Top Quizzes Today


Score Distribution

Your Account Isn't Verified!

In order to create a playlist on Sporcle, you need to verify the email address you used during registration. Go to your Sporcle Settings to finish the process.

Report this User

Report this user for behavior that violates our Community Guidelines.

Details: